آ ينہء ا ر د و صحا فت (مو لا نا ظفر علی خا ن ) (Record no. 177969)

MARC details
000 -LEADER
fixed length control field 00769nam a22001937a 4500
005 - DATE AND TIME OF LATEST TRANSACTION
control field 20210311124300.0
010 ## - LCCN (DPL NO)
LC control number UR-11069
020 ## - INTERNATIONAL STANDARD BOOK NUMBER
Terms of availability 100.00
International Standard Book Number R.N.I.No.UP.Bill/2015/65443
035 ## - SYSTEM CONTROL NUMBER
System control number U-9624
037 ## - SOURCE OF ACQUISITION
Source of stock number/acquisition DBAD/PUB
082 ## - DEWEY DECIMAL CLASSIFICATION NUMBER
Classification number 070.4
100 ## - MAIN ENTRY--PERSONAL NAME
Personal name ا يڈ يٹر :مر ز ا مر تضی ا قبا ل
245 ## - TITLE STATEMENT
Title آ ينہء ا ر د و صحا فت (مو لا نا ظفر علی خا ن )
Statement of responsibility, etc ا يڈ يٹر :مر ز ا مر تضی ا قبا ل
246 ## - VARYING FORM OF TITLE
Remainder of title Aeena-e-Urdu Sahafat (Moulana Zafar Ali Khan) (Urdu)
Title proper/short title Edited by Mirza Murtaza Iqbal
260 ## - PUBLICATION, DISTRIBUTION, ETC. (IMPRINT)
Place of publication, distribution, etc Muradabad
Date of publication, distribution, etc 2019 ء
Name of publisher, distributor, etc Jayeead Press
270 ## - ADDRESS
Address Sambhali Gate Muradabad,
City U.P.
Postal code 244001
Fax number 08923048812
300 ## - PHYSICAL DESCRIPTION
Extent 184 ص
Dimensions 22 Cm(Hb)
942 ## - ADDED ENTRY ELEMENTS (KOHA)
Source of classification or shelving scheme Dewey Decimal Classification
Item type Urdu Bks
Classification part 070.4
Call number suffix ظ ف ر
Holdings
Withdrawn status Lost status Not for loan Collection code Home library Current library Date acquired Source of acquisition Cost, normal purchase price Full call number Barcode Copy number Cost, replacement price Koha item type
      Non-fiction D.B.Act.Division Central Library 11/03/2021 DBAD/PUB 100.00 070.4 ظ ف ر U-9624 1 100.00 Urdu Bks

© Delhi Public Library
Hit Counter
free hit counter